[Event "Bremen Jubilee 125 op"]
[Site "Bremen"]
[Date "2024.03.09"]
[Round "8"]
[White "Pruijssers, Roeland"]
[Black "Breutigam, Martin"]
[Result "1-0"]
[WhiteElo "2537"]
[BlackElo "2359"]
[PlyCount "55"]
[EventDate "2024.03.02"]
[EventType "swiss"]
[EventRounds "9"]
[EventCountry "GER"]
[SourceTitle "CBM 219 Extra"]
[Source "ChessBase"]
[SourceDate "2024.05.31"]
[SourceVersion "1"]
[SourceVersionDate "2024.05.31"]
[SourceQuality "1"]

1. e4 Nc6 2. Nf3 d6 3. d4 Nf6 4. Nc3 g6 5. h3 Bg7 6. Be3 0-0 7. Qd2 a6 8. Be2 b5 9. a3 Bb7 10. d5 Nb8 11. Bh6 c6 12. h4 cxd5 13. exd5 Bxh6 14. Qxh6 Ng4 15. Qf4 h5 16. Ng5 e5 17. dxe6 fxe6 18. Qg3 Qf6 19. Bxg4 hxg4 20. 0-0-0 Qxf2 21. Qxd6 Qf4+ 22. Qxf4 Rxf4 23. Nxe6 Rc4 24. Rd8+ Kf7 25. Re1 Bxg2 26. Ng5+ Kg7 27. Re7+ Kf6 28. Rde8 1-0

[Event "BL2-West 2324"]
[Site "Germany"]
[Date "2023.12.02"]
[Round "3.8"]
[White "Breutigam, Martin"]
[Black "Bashylina, Luisa"]
[Result "1/2-1/2"]
[WhiteElo "2354"]
[BlackElo "2192"]
[PlyCount "57"]
[EventDate "2023.10.21"]
[EventType "team-tourn"]
[EventRounds "10"]
[EventCountry "GER"]
[SourceTitle "EXT 2025"]
[Source "ChessBase"]
[SourceDate "2024.10.14"]
[SourceVersion "1"]
[SourceVersionDate "2024.10.14"]
[SourceQuality "1"]
[WhiteTeam "Werder Bremen II"]
[BlackTeam "Solingen II"]
[WhiteTeamCountry "GER"]
[BlackTeamCountry "GER"]

1. d4 Nf6 2. c4 g6 3. Nc3 d5 4. cxd5 Nxd5 5. e4 Nxc3 6. bxc3 Bg7 7. Nf3 c5 8. Be3 Qa5 9. Qd2 cxd4 10. cxd4 Qxd2+ 11. Nxd2 0-0 12. Rc1 e6 13. Be2 Nc6 14. Nb3 Rd8 15. Rc4 h6 16. 0-0 Bd7 17. Rd1 Be8 18. Bf3 Rac8 19. Rdc1 Ne7 20. Rc7 Rxc7 21. Rxc7 Rd7 22. Rc1 Rd8 23. g4 Bc6 24. Kg2 g5 25. Kg3 f5 26. gxf5 exf5 27. exf5 Nxf5+ 28. Kg4 Bxf3+ 29. Kxf3 1/2-1/2

[Event "Bremen Silvester op-A"]
[Site "Bremen"]
[Date "2022.12.29"]
[Round "5"]
[White "Colbow, Collin"]
[Black "Breutigam, Martin"]
[Result "1-0"]
[WhiteElo "2375"]
[BlackElo "2360"]
[PlyCount "73"]
[EventDate "2022.12.27"]
[EventType "swiss"]
[EventRounds "7"]
[EventCountry "GER"]
[SourceTitle "CBM 211 Extra"]
[Source "ChessBase"]
[SourceDate "2023.01.31"]
[SourceVersion "1"]
[SourceVersionDate "2023.01.31"]
[SourceQuality "1"]

1. e4 e5 2. Nf3 Nc6 3. Bc4 Nf6 4. d3 h6 5. 0-0 d6 6. c3 g6 7. Re1 Bg7 8. a4 0-0 9. a5 a6 10. Qb3 Nh5 11. Nbd2 Kh7 12. Nf1 f5 13. exf5 gxf5 14. Bf7 Nf6 15. Nh4 Ne7 16. f4 e4 17. dxe4 fxe4 18. Be6 d5 19. Bxc8 Qxc8 20. Ne3 c6 21. Qd1 Rg8 22. Kh1 c5 23. g4 Bf8 24. Rg1 Qc6 25. g5 Nd7 26. Rg2 Rd8 27. Qh5 d4 28. f5 dxe3 29. Bxe3 Ne5 30. Rag1 Nf3 31. g6+ Kg7 32. Nxf3 exf3 33. Bxh6+ Kf6 34. Qg5+ Ke5 35. Qf4+ Kf6 36. Bg5+ Kg7 37. Qe5+ 1-0

[Event "BL2-Nord 2122"]
[Site "Germany"]
[Date "2022.06.19"]
[Round "8.4"]
[White "Breutigam, Martin"]
[Black "Baum, Jonasz"]
[Result "0-1"]
[WhiteElo "2380"]
[BlackElo "2355"]
[PlyCount "102"]
[EventDate "2022.03.05"]
[EventType "team-tourn"]
[EventRounds "10"]
[EventCountry "GER"]
[SourceTitle "EXT 2023"]
[Source "ChessBase"]
[SourceDate "2022.10.05"]
[SourceVersion "1"]
[SourceVersionDate "2022.10.05"]
[SourceQuality "1"]
[WhiteTeam "Werder Bremen II"]
[BlackTeam "Berlin SF II"]
[WhiteTeamCountry "GER"]
[BlackTeamCountry "GER"]

1. e4 c5 2. c3 Nf6 3. e5 Nd5 4. Nf3 d6 5. Bb5+ Bd7 6. Bc4 e6 7. d4 cxd4 8. cxd4 Bc6 9. 0-0 Nd7 10. Bg5 Be7 11. Bxe7 Qxe7 12. Bxd5 Bxd5 13. Nc3 Nb6 14. Nxd5 Nxd5 15. Qa4+ Qd7 16. Qxd7+ Kxd7 17. Ng5 Rhf8 18. Nxh7 Rfc8 19. Ng5 f6 20. Ne4 dxe5 21. dxe5 Rc2 22. exf6 gxf6 23. Rfd1 Ke7 24. Rd2 Rac8 25. Rxc2 Rxc2 26. Rb1 f5 27. Ng5 Nf4 28. h4 e5 29. g3 Nd3 30. Rd1 Nxf2 31. Rf1 Ng4 32. Rxf5 Rxb2 33. Rf7+ Kd6 34. Rg7 Kd5 35. h5 Rxa2 36. Rxb7 a5 37. Ra7 a4 38. Nf7 Ke4 39. Ng5+ Ke3 40. Ra6 a3 41. Ra4 Ra1+ 42. Kg2 a2 43. Nf7 Ke2 44. h6 Ne3+ 45. Kh2 Ng4+ 46. Kg2 Ne3+ 47. Kh2 Ng4+ 48. Rxg4 Rh1+ 49. Kxh1 a1Q+ 50. Kh2 Kf2 51. Rg7 Qf1 0-1

[Event "BL2-Nord 2122"]
[Site "Germany"]
[Date "2022.04.30"]
[Round "3.6"]
[White "Breutigam, Martin"]
[Black "Palac, Mladen"]
[Result "1/2-1/2"]
[WhiteElo "2380"]
[BlackElo "2501"]
[PlyCount "62"]
[EventDate "2022.03.05"]
[EventType "team-tourn"]
[EventRounds "10"]
[EventCountry "GER"]
[SourceTitle "EXT 2023"]
[Source "ChessBase"]
[SourceDate "2022.10.05"]
[SourceVersion "1"]
[SourceVersionDate "2022.10.05"]
[SourceQuality "1"]
[WhiteTeam "Werder Bremen II"]
[BlackTeam "Kirchweyhe"]
[WhiteTeamCountry "GER"]
[BlackTeamCountry "GER"]

1. e4 c5 2. c3 Nf6 3. e5 Nd5 4. Nf3 Nc6 5. Bc4 Nb6 6. Bb3 d5 7. exd6 Qxd6 8. 0-0 Be6 9. Bxe6 Qxe6 10. a4 Qd7 11. a5 Nd5 12. a6 b6 13. d4 cxd4 14. Nxd4 e6 15. Nxc6 Qxc6 16. Qg4 Nf6 17. Qe2 Bc5 18. Na3 Bxa3 19. Rxa3 Rc8 20. Be3 0-0 21. Bd4 Nd5 22. Qg4 f6 23. c4 Qxc4 24. Qxe6+ Kh8 25. Be3 Rfe8 26. Qd7 Rcd8 27. Qf5 Nxe3 28. fxe3 Rd2 29. Rc3 Qxa6 30. Rc7 Qe2 31. Rxg7 Qxe3+ 1/2-1/2

[Event "Oberliga Nord W 1920"]
[Site "Germany"]
[Date "2019.09.29"]
[Round "1.1"]
[White "Breutigam, Martin"]
[Black "Stevic, Hrvoje"]
[Result "0-1"]
[WhiteElo "2376"]
[BlackElo "2570"]
[PlyCount "56"]
[EventDate "2019.09.29"]
[EventType "team-tourn"]
[EventRounds "9"]
[EventCountry "GER"]
[SourceTitle "CBM 195 Extra"]
[Source "ChessBase"]
[SourceDate "2020.05.31"]
[SourceVersion "1"]
[SourceVersionDate "2020.05.31"]
[SourceQuality "1"]

1. d4 d5 2. Nf3 Nf6 3. Bg5 Ne4 4. Bh4 h5 5. h3 Rg8 6. Nfd2 g5 7. Nxe4 gxh4 8. Nc5 e5 9. c3 Bxc5 10. dxc5 Nc6 11. e3 Be6 12. Qxh5 Qe7 13. Bb5 Qxc5 14. Bxc6+ Qxc6 15. Qxe5 0-0-0 16. Qd4 Qb5 17. Nd2 c5 18. a4 Qc6 19. Qxh4 d4 20. e4 dxc3 21. bxc3 Rxg2 22. Qf4 Rd3 23. a5 Rxc3 24. h4 Rd3 25. h5 Rg4 26. Qe5 f6 27. Qb2 Rxe4+ 28. Kf1 Red4 0-1

[Event "Bremen Wild"]
[Site "Bremen"]
[Date "2019.09.14"]
[Round "2"]
[White "Breutigam, Martin"]
[Black "Reuker, Jari"]
[Result "1-0"]
[WhiteElo "2383"]
[BlackElo "2397"]
[PlyCount "109"]
[EventDate "2019.09.13"]
[EventType "tourn"]
[EventRounds "5"]
[EventCountry "GER"]
[EventCategory "7"]
[SourceTitle "EXT 2020"]
[Source "ChessBase"]
[SourceDate "2019.10.17"]
[SourceVersion "1"]
[SourceVersionDate "2019.10.17"]
[SourceQuality "1"]

1. d4 Nf6 2. Nf3 g6 3. Bg5 Bg7 4. Nbd2 d6 5. c3 h6 6. Bh4 0-0 7. e4 Nc6 8. Be2 Nh5 9. 0-0 Nf4 10. Re1 Nxe2+ 11. Qxe2 Qe8 12. d5 Ne5 13. Nxe5 Bxe5 14. Nc4 Bf6 15. Bxf6 exf6 16. f4 Qe7 17. Qf2 Re8 18. e5 dxe5 19. fxe5 Bf5 20. exf6 Qxf6 21. Ne3 Qb6 22. Nxf5 gxf5 23. c4 Qxf2+ 24. Kxf2 Kg7 25. Kf3 Kf6 26. Rad1 b6 27. b3 a5 28. a4 Rad8 29. h3 Rg8 30. g3 Rg6 31. Kf4 Rdg8 32. Re3 Rd8 33. Rdd3 h5 34. Re5 Rg5 35. Rde3 Rd7 36. Re6+ fxe6 37. Rxe6+ Kg7 38. Kxg5 Rf7 39. Kxh5 f4 40. gxf4 Rxf4 41. Re3 Kf6 42. h4 Rf1 43. Kh6 Rh1 44. h5 Kf5 45. Rg3 Rh2 46. Rg5+ Kf6 47. Rg6+ Kf5 48. d6 c5 49. Rg5+ Ke6 50. Rd5 Kd7 51. Kg6 Rh3 52. h6 Rxb3 53. h7 Rh3 54. Rh5 Rg3+ 55. Kf5 1-0

[Event "Bremen Wild"]
[Site "Bremen"]
[Date "2019.09.14"]
[Round "3"]
[White "Bruedigam, Martin"]
[Black "Breutigam, Martin"]
[Result "1-0"]
[WhiteElo "2396"]
[BlackElo "2383"]
[PlyCount "123"]
[EventDate "2019.09.13"]
[EventType "tourn"]
[EventRounds "5"]
[EventCountry "GER"]
[EventCategory "7"]
[SourceTitle "EXT 2020"]
[Source "ChessBase"]
[SourceDate "2019.10.17"]
[SourceVersion "1"]
[SourceVersionDate "2019.10.17"]
[SourceQuality "1"]

1. e4 e5 2. Nf3 Nc6 3. Bc4 Nf6 4. d3 Be7 5. 0-0 0-0 6. Re1 d6 7. a4 Kh8 8. h3 h6 9. Nc3 Nh7 10. Nd5 Ng5 11. Bxg5 hxg5 12. c3 g6 13. Qd2 f6 14. h4 Kg7 15. hxg5 f5 16. d4 f4 17. Nb4 Nxb4 18. cxb4 Bg4 19. Qc3 Bxg5 20. dxe5 dxe5 21. Nh2 Bh5 22. Be2 Qe7 23. Bxh5 gxh5 24. Rad1 Rad8 25. b5 Bf6 26. Nf3 Kh6 27. Qb3 Qg7 28. Rxd8 Rxd8 29. Rd1 Rg8 30. Ne1 Qg4 31. Rd2 Rg7 32. Kf1 b6 33. Rd5 Rd7 34. Qd3 Rg7 35. Qb3 Rd7 36. Rxd7 Qxd7 37. Qd3 Qe6 38. b3 Be7 39. Nf3 Kg7 40. Qc3 Bf6 41. Qxc7+ Kg6 42. Qc4 Qd6 43. Ke2 Kg7 44. Ne1 Qd7 45. Qd3 Qg4+ 46. Kf1 Kg6 47. Kg1 Qc8 48. Qc4 Qd8 49. Nf3 Qd6 50. Qg8+ Kh6 51. Kh2 Qe7 52. Qd5 Kg7 53. Nd2 Qb4 54. Qd7+ Kh6 55. Nc4 Qxb3 56. Nd6 Qg8 57. Qxa7 f3 58. Nf5+ Kg5 59. Qxb6 fxg2 60. Qe3+ Kg6 61. Qg3+ Bg5 62. Ne7+ 1-0

[Event "BL2-Nord 1718"]
[Site "Germany"]
[Date "2017.11.12"]
[Round "3.1"]
[White "Breutigam, Martin"]
[Black "Dziuba, Marcin"]
[Result "0-1"]
[WhiteElo "2383"]
[BlackElo "2573"]
[PlyCount "72"]
[EventDate "2017.10.08"]
[EventType "team-tourn"]
[EventRounds "9"]
[EventCountry "GER"]
[SourceTitle "CBM 183 Extra"]
[Source "ChessBase"]
[SourceDate "2018.04.19"]
[SourceVersion "1"]
[SourceVersionDate "2018.04.19"]
[SourceQuality "1"]
[WhiteTeam "Oldenburg Union"]
[BlackTeam "Kiel Turm"]
[WhiteTeamCountry "GER"]
[BlackTeamCountry "GER"]

1. d4 d5 2. Nf3 Nf6 3. Bg5 c5 4. e3 Nc6 5. Nbd2 e6 6. c3 h6 7. Bh4 g5 8. Bg3 Nh5 9. Be5 f6 10. Bd3 fxe5 11. Bg6+ Kd7 12. Bxh5 e4 13. Ng1 Kc7 14. Ne2 Bd7 15. 0-0 Rc8 16. f3 exf3 17. Nxf3 Bd6 18. Nc1 c4 19. b3 Kb8 20. bxc4 dxc4 21. Rb1 Qa5 22. Nd2 Qxc3 23. Rf3 Nxd4 24. exd4 Qxd4+ 25. Kh1 Bc6 26. Ne2 Qh4 27. Ng3 Rhd8 28. Qe2 g4 29. Rc3 Bxg3 30. Rxg3 Qxh5 31. Nxc4 Qf5 32. Qe5+ Qxe5 33. Nxe5 h5 34. h3 Be4 35. Rb4 Rc1+ 36. Kh2 Rdd1 0-1

[Event "Oberliga Nord W 1617"]
[Site "Germany"]
[Date "2017.01.15"]
[Round "4.1"]
[White "Breutigam, Martin"]
[Black "Kuegel, Tobias"]
[Result "1-0"]
[WhiteElo "2376"]
[BlackElo "2274"]
[PlyCount "117"]
[EventDate "2016.10.16"]
[EventType "team-tourn"]
[EventRounds "9"]
[EventCountry "GER"]
[SourceTitle "EXT 2018"]
[Source "ChessBase"]
[SourceDate "2017.10.13"]
[SourceVersion "1"]
[SourceVersionDate "2017.10.13"]
[SourceQuality "1"]
[WhiteTeam "Oldenburg Union"]
[BlackTeam "Delmenhorst"]
[WhiteTeamCountry "GER"]
[BlackTeamCountry "GER"]

1. d4 Nf6 2. Nf3 e6 3. Bg5 c5 4. e3 Nc6 5. Nbd2 d5 6. c3 Be7 7. Bd3 Qb6 8. Rb1 h6 9. Bh4 Bd7 10. Qe2 Rd8 11. 0-0 0-0 12. Ne5 cxd4 13. exd4 Qa5 14. a3 Qa4 15. f4 Rfe8 16. Bxf6 Bxf6 17. Qh5 Rf8 18. Kh1 Be8 19. Qh3 Be7 20. Ng4 f5 21. Ne3 Nxd4 22. cxd4 Qxd4 23. Nc2 Qf6 24. Qe3 d4 25. Qe2 Bc6 26. Rbe1 Bd5 27. Nf3 Bc5 28. Nb4 Bxb4 29. axb4 Rd6 30. Qe5 Rb6 31. Qxf6 Rxf6 32. b5 g5 33. fxg5 hxg5 34. Nxg5 Rg6 35. Nf3 a6 36. Rf2 axb5 37. Nxd4 Rd6 38. Bxb5 Rxg2 39. Rxg2+ Bxg2+ 40. Kxg2 Rxd4 41. b3 Kf7 42. Bc4 Rd6 43. Kf3 Kf6 44. Rxe6+ Rxe6 45. Bxe6 Kxe6 46. Kf4 Kf6 47. b4 b5 48. h4 Kg6 49. Ke5 Kh5 50. Kxf5 Kxh4 51. Ke5 Kg5 52. Kd5 Kf6 53. Kc6 Ke7 54. Kxb5 Kd7 55. Kb6 Kc8 56. Ka7 Kc7 57. b5 Kc8 58. b6 Kd7 59. b7 1-0

[Event "Wch Rapid"]
[Site "Berlin"]
[Date "2015.10.12"]
[Round "12"]
[White "Breutigam, Martin"]
[Black "Godena, Michele"]
[Result "0-1"]
[WhiteElo "2380"]
[BlackElo "2513"]
[PlyCount "87"]
[EventDate "2015.10.10"]
[EventType "swiss (rapid)"]
[EventRounds "15"]
[EventCountry "GER"]
[SourceTitle "CBM 168 Extra"]
[Source "ChessBase"]
[SourceDate "2015.10.29"]
[SourceVersion "1"]
[SourceVersionDate "2015.10.29"]
[SourceQuality "1"]

1. d4 d5 2. Bg5 Nd7 3. e3 Ngf6 4. Nd2 e5 5. dxe5 Nxe5 6. Ngf3 Nxf3+ 7. Nxf3 c6 8. Be2 Be7 9. 0-0 0-0 10. c4 Re8 11. Qb3 Qb6 12. Rfd1 Qxb3 13. axb3 Bf5 14. Nd4 Be4 15. f3 Bg6 16. cxd5 Nxd5 17. Bxe7 Rxe7 18. e4 Nb4 19. Bc4 a6 20. Ne2 b5 21. Bd3 Rd7 22. Nf4 Rad8 23. Be2 f6 24. Nxg6 hxg6 25. Kf2 g5 26. Rac1 Kf8 27. Rxd7 Rxd7 28. Ke3 Ke7 29. g3 Rd8 30. h3 Rh8 31. Bf1 Kd6 32. Rd1+ Kc7 33. f4 gxf4+ 34. gxf4 Rh4 35. Bg2 Nc2+ 36. Kd3 Nb4+ 37. Ke3 Nc2+ 38. Kd3 Nb4+ 39. Ke3 Rh5 40. f5 c5 41. Kf4 Nc6 42. Rd5 Kb6 43. Rd6 Kc7 44. Rd5 0-1

[Event "Wch Rapid"]
[Site "Berlin"]
[Date "2015.10.12"]
[Round "13"]
[White "Seel, Christian"]
[Black "Breutigam, Martin"]
[Result "1-0"]
[WhiteElo "2474"]
[BlackElo "2380"]
[PlyCount "39"]
[EventDate "2015.10.10"]
[EventType "swiss (rapid)"]
[EventRounds "15"]
[EventCountry "GER"]
[SourceTitle "CBM 168 Extra"]
[Source "ChessBase"]
[SourceDate "2015.10.29"]
[SourceVersion "1"]
[SourceVersionDate "2015.10.29"]
[SourceQuality "1"]

1. Nf3 d5 2. d4 Nf6 3. c4 c6 4. e3 Bg4 5. Nc3 e6 6. h3 Bh5 7. g4 Bg6 8. Ne5 dxc4 9. Bxc4 Nbd7 10. Nxg6 hxg6 11. e4 Bb4 12. Bd3 e5 13. a3 Ba5 14. Be3 Bb6 15. Be2 Qe7 16. dxe5 Nxe5 17. Bxb6 axb6 18. Qd4 Rd8 19. Qxb6 Nexg4 20. Rd1 1-0

[Event "Wch Rapid"]
[Site "Berlin"]
[Date "2015.10.10"]
[Round "4"]
[White "Breutigam, Martin"]
[Black "Safarli, Eltaj"]
[Result "0-1"]
[WhiteElo "2380"]
[BlackElo "2657"]
[PlyCount "68"]
[EventDate "2015.10.10"]
[EventType "swiss (rapid)"]
[EventRounds "15"]
[EventCountry "GER"]
[SourceTitle "CBM 168 Extra"]
[Source "ChessBase"]
[SourceDate "2015.10.29"]
[SourceVersion "1"]
[SourceVersionDate "2015.10.29"]
[SourceQuality "1"]

1. Nf3 Nf6 2. c4 c5 3. Nc3 e6 4. g3 Nc6 5. Bg2 d5 6. cxd5 Nxd5 7. 0-0 Be7 8. Nxd5 exd5 9. d4 0-0 10. Be3 c4 11. b3 cxb3 12. axb3 Bf5 13. Qd2 Qb6 14. Qa2 Nb4 15. Qa5 Qxa5 16. Rxa5 b6 17. Ra4 a5 18. Ne1 Rfd8 19. f3 b5 20. Ra1 Nc2 21. Nxc2 Bxc2 22. Bf4 Rd7 23. Bh3 Rda7 24. Rfc1 Bxb3 25. e4 a4 26. Bf1 b4 27. Bb5 a3 28. Bc6 Rd8 29. Kf2 Bc4 30. exd5 Bxd5 31. Bxd5 Rxd5 32. Rc8+ Rd8 33. Rxd8+ Bxd8 34. Bd6 Be7 0-1

[Event "Wch Rapid"]
[Site "Berlin"]
[Date "2015.10.10"]
[Round "5"]
[White "Guliyev, Namig"]
[Black "Breutigam, Martin"]
[Result "1-0"]
[WhiteElo "2579"]
[BlackElo "2380"]
[PlyCount "57"]
[EventDate "2015.10.10"]
[EventType "swiss (rapid)"]
[EventRounds "15"]
[EventCountry "GER"]
[SourceTitle "CBM 168 Extra"]
[Source "ChessBase"]
[SourceDate "2015.10.29"]
[SourceVersion "1"]
[SourceVersionDate "2015.10.29"]
[SourceQuality "1"]

1. e4 c5 2. Nf3 e6 3. d4 cxd4 4. Nxd4 Nc6 5. Nb5 d6 6. Bf4 e5 7. Be3 Nf6 8. Bg5 a6 9. N5c3 Be7 10. Bc4 Be6 11. Bb3 0-0 12. Bxf6 Bxf6 13. 0-0 Rc8 14. Nd5 Nd4 15. c3 Nxb3 16. axb3 Bg5 17. Na3 f5 18. exf5 Rxf5 19. Nc4 Kh8 20. Qd3 Qf8 21. Rad1 Rc6 22. Nb4 Be7 23. Nxc6 bxc6 24. Nxd6 Rf4 25. Nc4 Qb8 26. Qe2 Bf6 27. Rfe1 Qxb3 28. Nxe5 Bd5 29. Qh5 1-0

[Event "BL2-Nord 1415"]
[Site "Germany"]
[Date "2015.01.18"]
[Round "5.1"]
[White "Breutigam, Martin"]
[Black "Kalinitschew, Sergey"]
[Result "1-0"]
[WhiteElo "2413"]
[BlackElo "2409"]
[PlyCount "141"]
[EventDate "2014.09.21"]
[EventType "team-tourn"]
[EventRounds "9"]
[EventCountry "GER"]
[SourceTitle "CBM 166 Extra"]
[Source "ChessBase"]
[SourceDate "2015.06.18"]
[SourceVersion "1"]
[SourceVersionDate "2015.06.18"]
[SourceQuality "1"]
[WhiteTeam "Oldenburg Union"]
[BlackTeam "Berlin Kreuzberg"]
[WhiteTeamCountry "GER"]
[BlackTeamCountry "GER"]

1. d4 d6 2. Nf3 g6 3. c4 f5 4. Nc3 Nf6 5. g3 Bg7 6. Bg2 0-0 7. 0-0 Nc6 8. d5 Na5 9. Qa4 c5 10. dxc6 Nxc6 11. Rd1 Nd7 12. Qc2 Nc5 13. a3 a5 14. Be3 Bd7 15. Nd4 Nxd4 16. Bxd4 Bxd4 17. Rxd4 a4 18. Rad1 Bc6 19. Nd5 Bxd5 20. Bxd5+ Kg7 21. Bf3 Ra6 22. h4 e5 23. Rd5 Qe7 24. e3 Rb6 25. R1d2 Rc8 26. Qd1 Rcc6 27. Kg2 Qf6 28. Qb1 Nb3 29. Rc2 Rc5 30. Qe1 e4 31. Be2 Rbc6 32. Qb4 Qe7 33. Rc3 Ra6 34. Bd1 Rxd5 35. cxd5 Nc5 36. Qb5 Kh6 37. Rc4 f4 38. exf4 e3 39. Rb4 exf2 40. Kxf2 Ra8 41. Qe2 Qf7 42. Qd2 Re8 43. Bf3 Qf5 44. Kg2 Kg7 45. g4 Qf7 46. Kg3 Kg8 47. f5 Re5 48. Qg5 Kg7 49. h5 Qf6 50. h6+ Kf7 51. fxg6+ hxg6 52. Qxf6+ Kxf6 53. Rb6 Re7 54. Rxd6+ Kg5 55. Rb6 Kxh6 56. d6 Re3 57. Kf4 Rd3 58. g5+ Kg7 59. Bxb7 Kf7 60. Bc8 Rd2 61. Bg4 Rd4+ 62. Kf3 Rd3+ 63. Kf4 Rd4+ 64. Kf3 Rd3+ 65. Ke2 Rd5 66. d7 Nxd7 67. Rb7 Ke8 68. Bxd7+ Rxd7 69. Rxd7 Kxd7 70. b4 axb3 71. Kd3 1-0

[Event "GER-ch 85th"]
[Site "Verden an der Aller"]
[Date "2014.11.26"]
[Round "6"]
[White "Breutigam, Martin"]
[Black "Keymer, Vincent"]
[Result "1-0"]
[WhiteElo "2409"]
[BlackElo "2116"]
[PlyCount "129"]
[EventDate "2014.11.21"]
[EventType "swiss"]
[EventRounds "9"]
[EventCountry "GER"]
[SourceTitle "CBM 163 Extra"]
[Source "ChessBase"]
[SourceDate "2014.12.23"]
[SourceVersion "1"]
[SourceVersionDate "2014.12.23"]
[SourceQuality "1"]

1. Nf3 d5 2. c4 c6 3. g3 Bg4 4. Bg2 e6 5. Ne5 Bf5 6. cxd5 exd5 7. d4 Nf6 8. 0-0 Nbd7 9. Nc3 Bd6 10. Bf4 Qe7 11. Qb3 Nf8 12. Nxf7 Kxf7 13. Bxd6 Qxd6 14. e4 Bxe4 15. Bxe4 Ne6 16. Qxb7+ Qe7 17. Qxe7+ Kxe7 18. Bg2 Nxd4 19. Rfd1 Ne6 20. Rac1 Rhc8 21. Bh3 g5 22. Bf5 Kd6 23. b4 Rcb8 24. Bxe6 Kxe6 25. Ne2 Kd7 26. Nd4 Rxb4 27. Nxc6 Re4 28. Nd4 Rc8 29. Rb1 h5 30. Rb5 Rc4 31. Rb7+ Rc7 32. Rb8 Rc8 33. Rxc8 Kxc8 34. Nb5 Ra4 35. Nc3 Ra5 36. f3 Rc5 37. Ne2 Kd7 38. Nd4 g4 39. Kf2 gxf3 40. Kxf3 Ng4 41. Rd2 Ke7 42. Re2+ Kf7 43. h3 Nf6 44. Kf4 Ne4 45. Re3 Kf6 46. Ra3 a5 47. Rb3 Nd6 48. Rb6 Ke7 49. Ra6 Kd7 50. Ra7+ Ke8 51. Ke5 Nc8 52. Rh7 Rc3 53. Nf5 Rc2 54. a3 Nb6 55. Rxh5 Re2+ 56. Kd6 Nc4+ 57. Kxd5 Nxa3 58. Rh7 Nb1 59. Nd6+ Kf8 60. Rf7+ Kg8 61. Ra7 a4 62. Ne4 a3 63. g4 Kf8 64. g5 Rg2 65. Ke6 1-0

[Event "Oberliga Nord W 1314"]
[Site "Germany"]
[Date "2014.03.16"]
[Round "8.1"]
[White "Bode, Wilfried"]
[Black "Breutigam, Martin"]
[Result "1/2-1/2"]
[WhiteElo "2329"]
[BlackElo "2396"]
[PlyCount "96"]
[EventDate "2013.10.13"]
[EventType "team-tourn"]
[EventRounds "9"]
[EventCountry "GER"]
[SourceTitle "EXT 2015"]
[Source "ChessBase"]
[SourceDate "2014.11.20"]
[SourceVersion "1"]
[SourceVersionDate "2014.11.20"]
[SourceQuality "1"]
[WhiteTeam "Hameln"]
[BlackTeam "Oldenburg Union"]
[WhiteTeamCountry "GER"]
[BlackTeamCountry "GER"]

1. Nf3 d5 2. c4 c6 3. e3 Nf6 4. Nc3 Bg4 5. cxd5 Nxd5 6. Qb3 Qb6 7. Bc4 Bxf3 8. gxf3 e6 9. d4 Nd7 10. Bd2 Be7 11. Ke2 0-0 12. Qxb6 axb6 13. a4 Rfe8 14. f4 g6 15. Ne4 f5 16. Ng5 Bxg5 17. fxg5 e5 18. Bxd5+ cxd5 19. Bc3 e4 20. Bb4 Rec8 21. Kd2 Rc4 22. b3 Rc6 23. Rac1 Rac8 24. Bd6 Kf7 25. h4 Ke6 26. Bf4 Rxc1 27. Rxc1 Rxc1 28. Kxc1 Nf8 29. Bc7 Kd7 30. Bxb6 Ne6 31. Ba7 Kc7 32. Bc5 f4 33. Kd2 f3 34. b4 Ng7 35. Be7 Nf5 36. Bf6 Nxh4 37. Be5+ Kd7 38. Ke1 Nf5 39. Kf1 Ne7 40. b5 Nc8 41. a5 Ne7 42. Ke1 Nf5 43. Bf4 Ng7 44. Kd1 Ne6 45. Kd2 Kc8 46. Kd1 Kd7 47. Kd2 Kc8 48. Kd1 Kd7 1/2-1/2

[Event "Oberliga Nord W 1213"]
[Site "Germany"]
[Date "2013.03.17"]
[Round "8.1"]
[White "Breutigam, Martin"]
[Black "Hoeksema, Hendrik Pieter"]
[Result "1-0"]
[WhiteElo "2374"]
[BlackElo "2347"]
[PlyCount "135"]
[EventDate "2012.10.14"]
[EventType "team-tourn"]
[EventRounds "9"]
[EventCountry "GER"]
[SourceTitle "EXT 2014"]
[Source "ChessBase"]
[SourceDate "2013.11.20"]
[SourceVersion "1"]
[SourceVersionDate "2013.11.20"]
[SourceQuality "1"]
[WhiteTeam "Oldenburg Union"]
[BlackTeam "Esens"]
[WhiteTeamCountry "GER"]
[BlackTeamCountry "GER"]

1. d4 Nf6 2. Bg5 d5 3. e3 c5 4. Bxf6 gxf6 5. Nc3 e6 6. Qh5 Nc6 7. Nf3 Bd7 8. Bb5 a6 9. Bxc6 Bxc6 10. 0-0 Rc8 11. Rfe1 f5 12. Ne5 Qc7 13. Ne2 Bg7 14. Nd3 b6 15. dxc5 bxc5 16. Nxc5 0-0 17. Nd4 Qb6 18. Nd3 Bb5 19. Nxb5 Qxb5 20. Qe2 Rc4 21. c3 Rb8 22. Rad1 a5 23. g3 Ra4 24. a3 Rc4 25. Rd2 Re4 26. Nf4 Qxe2 27. Rexe2 Rc4 28. Kg2 Be5 29. Nd3 Bf6 30. f4 h5 31. Kf3 Kf8 32. h3 Ke7 33. Rh2 Rg8 34. Rdg2 Rcc8 35. g4 hxg4+ 36. hxg4 fxg4+ 37. Rxg4 Rxg4 38. Kxg4 Rc4 39. Kf3 Bg7 40. Rg2 Kf8 41. Nc1 a4 42. Nd3 f5 43. Ke2 Kf7 44. Ne1 Bf6 45. Nf3 Rc8 46. Kd3 Rc4 47. Rh2 Kg7 48. Rc2 Rc6 49. Nd4 Rb6 50. c4 Bxd4 51. Kxd4 dxc4 52. Rxc4 Rxb2 53. Rxa4 Rb3 54. Ra8 Kf6 55. a4 Rb4+ 56. Kc3 Re4 57. Kd3 Rb4 58. a5 Ra4 59. a6 Kg7 60. Kc3 Kh7 61. Kb3 Ra1 62. Kb4 Kg7 63. Kb5 Ra3 64. Rc8 Rb3+ 65. Ka4 Rb6 66. Ka5 Rb3 67. a7 Ra3+ 68. Kb6 1-0